Estadísticas para Prueba de la Comunidad Valenciana

Haz click aquí para intentar la prueba.

Estadísticas generales

  • Esta prueba ha sido intentada 1.778 veces
  • La puntuación promedio es 12 de 16

Estadísticas de respuestas

PreguntaRespuesta% Correcto
CapitalValencia
100%
Idioma cooficial con españolValenciano
97%
Número de provincias3
96%
La segunda ciudad más pobladaAlicante
93%
Este campeador murió en ValenciaEl Cid
88%
Se cree que comer doce de estas cosas en la nochevieja se popularizó en esa ciudad en 1909Uvas
88%
En ese idioma, este plato español significa sarténPaella
87%
Estadio más grande de la comunidadEstadio de {Mestalla}
81%
Los ninots componen este tipo de obra artísticaFalla
79%
La gran fiesta de Alcoy interpreta la batalla entre estos bandosMoros
76%
La gran fiesta de Alcoy interpreta la batalla entre estos bandosCristianos
74%
Esta fiesta buñolense siempre se celebra en agostoTomatina
67%
Río más largo de ValenciaJúcar
55%
Poeta oriolano de la generación del 36, tiene una universidad que lleva su nombreMiguel Hernández
42%
Artista impresionista y postimpresionista, posiblemente el más famoso de ValenciaJoaquín Sorolla
40%
Esta estructura es uno de los 12 Tesoros de EspañaCiudad de las Artes y las Ciencias
33%

Distribución de puntuación

Porcentaje por número respondido

Porcentaje de gente con cada puntuación

Historial de tus puntuaciones

No has intentado esta prueba.